000 00757nam a2200289Ia 4500
005 20260324113708.0
008 008 260324s9999 xx 000 0 eng d
020 _a9781003349266
037 _aEBOOK
040 _aCRL
040 _beng
040 _cCRL
041 _2eng
041 _aeng
084 _qCRL
100 _aBryan C. Clift; Ioannis Costas Batlle; Sheree Bekker; Katharina Chudzikowski
_91147805
245 0 _aQualitative Researcher Vulnerability
245 0 _bNegotiating, Experiencing and Embracing
260 _bTaylor and Francis
260 _c2023
365 _a
365 _b220
856 _uhttp://www.taylorfrancis.com/books/9781003349266
942 _cEBOOK
999 _c1737593
_d1737593